[Event "AUTO-MASTER-2350"]
[Site "http://www.queenalice.com/game.php?id=1410151"]
[Date "2016.2.20"]
[Round "2"]
[White "junipero"]
[Black "davi_sales"]
[Result "1-0"]
[WhiteElo "1912"]
[BlackElo "2055"]

1. d4 Nf6 2. c4 e6 3. e3 b6 4. Nc3 Bb7 5. Nf3 g6 6. Be2 Bg7 7. O-O O-O 8. b3 d6
9. Bb2 Nbd7 10. h3 a6 11. Rc1 c5 12. dxc5 Nxc5 13. Nd4 e5 14. Nf3 Re8 15. Nd5
Nxd5 16. cxd5 e4 17. Nd4 Bxd5 18. Bc4 Bb7 19. Qc2 1-0

[Event "AUTO-MASTER-3011"]
[Site "http://www.queenalice.com/game.php?id=1635544"]
[Date "2020.12.6"]
[Round "1"]
[White "pomar"]
[Black "davi_sales"]
[Result "0-1"]
[WhiteElo "2019"]
[BlackElo "1992"]

1. f3 d5 2. Kf2 Nf6 3. e3 c5 4. c4 d4 5. Qb3 Nc6 6. Bd3 a5 7. a3 e5 8. Ne2 e4 9.
fxe4 Ng4+ 10. Ke1 a4 11. Qc2 Qf6 12. Nf4 g5 13. h3 gxf4 14. hxg4 f3 15. Qd1 Bxg4
16. Kf2 fxg2+ 17. Kxg2 Bxd1 18. Rxd1 Rg8+ 0-1

[Event "AUTO-MASTER-3011"]
[Site "http://www.queenalice.com/game.php?id=1635545"]
[Date "2020.12.6"]
[Round "1"]
[White "davi_sales"]
[Black "pomar"]
[Result "1-0"]
[WhiteElo "2009"]
[BlackElo "1994"]

1. a4 e6 2. d4 d5 3. Nf3 c5 4. g3 Nc6 5. Bg2 Qb6 6. e3 Nf6 7. O-O cxd4 8. exd4
Bd7 9. c3 Na5 10. Nbd2 Rc8 11. Ne5 Bd6 12. f4 O-O 13. g4 h6 14. g5 hxg5 15. Nxd7
Nxd7 16. fxg5 Qc7 17. Qh5 g6 18. Qh4 Rfd8 19. Rf3 Bf8 20. b4 Nc4 21. Nxc4 Qxc4
22. Rh3 Bg7 23. Qh7+ Kf8 24. b5 Qb3 25. Ba3+ Ke8 26. Qxg7 Rxc3 27. Rh8+ 1-0

[Event "AUTO-MASTER-3011"]
[Site "http://www.queenalice.com/game.php?id=1635558"]
[Date "2020.12.6"]
[Round "1"]
[White "noroc"]
[Black "davi_sales"]
[Result "0-1"]
[WhiteElo "2160"]
[BlackElo "2110"]

1. d4 d5 2. Nf3 c6 3. c4 Nf6 4. Nc3 e6 5. Bg5 h6 6. Bxf6 Qxf6 7. e3 Nd7 8. Bd3
dxc4 9. Bxc4 g6 10. Ne4 Qe7 11. O-O Bg7 12. Rc1 O-O 13. a3 b6 14. b4 Bb7 15. Qd3
a5 16. bxa5 Rxa5 17. Rc3 Rfa8 18. Ra1 b5 19. Qb1 c5 20. Bd3 b4 21. Rc2 Kh7 22.
Ned2 e5 23. e4 Rxa3 24. Rxa3 Rxa3 25. dxc5 Rxd3 26. c6 Ba6 27. cxd7 Rxd7 28. Rc6
Bb5 29. Rb6 Qc5 30. Rb8 Bd3 31. Qe1 Qc3 32. h3 Bc2 33. Qc1 Ra7 34. Rxb4 Qxb4 35.
Qxc2 Rd7 36. Kf1 Qb5+ 37. Ke1 Bf8 38. Qc4 Qxc4 39. Nxc4 f6 40. Ne3 Kg7 41. Ke2
Kf7 42. g4 Ke6 43. Nd5 f5 44. Nb6 fxe4 45. Nxd7 exf3+ 46. Kxf3 Kxd7 47. Ke4 Bd6
48. Kd5 Ke7 0-1

[Event "AUTO-MASTER-3011"]
[Site "http://www.queenalice.com/game.php?id=1635559"]
[Date "2020.12.6"]
[Round "1"]
[White "davi_sales"]
[Black "noroc"]
[Result "1-0"]
[WhiteElo "2043"]
[BlackElo "2127"]

1. d4 Nf6 2. c4 c6 3. Nf3 d5 4. e3 Bf5 5. Nc3 e6 6. Nh4 Bg6 7. Qb3 Qc7 8. Nxg6
hxg6 9. Bd2 a5 10. cxd5 exd5 11. g3 Nbd7 12. Bg2 Ng4 13. Rc1 Qd6 14. e4 dxe4 15.
Nxe4 Qxd4 16. O-O Nxh2 17. Rfe1 Be7 18. Qxb7 Rb8 19. Qxc6 Ng4 20. Qc8+ 1-0

[Event "AUTO-MASTER-3011"]
[Site "http://www.queenalice.com/game.php?id=1635568"]
[Date "2020.12.6"]
[Round "1"]
[White "davi_sales"]
[Black "worldwide"]
[Result "1-0"]
[WhiteElo "2034"]
[BlackElo "1866"]

1. a3 e5 2. c4 d5 3. cxd5 Qxd5 4. Nc3 Qd8 5. g3 Nc6 6. Bg2 Nge7 7. Nf3 Ng6 8. h4
h5 9. d3 Be6 10. Ng5 Bd7 11. Qb3 Qf6 12. Qxb7 Rb8 13. Qxc7 Bc5 14. Nge4 1-0

[Event "AUTO-MASTER-3011"]
[Site "http://www.queenalice.com/game.php?id=1635569"]
[Date "2020.12.6"]
[Round "1"]
[White "worldwide"]
[Black "davi_sales"]
[Result "0-1"]
[WhiteElo "1876"]
[BlackElo "2024"]

1. Nf3 d5 2. d4 c6 3. e3 Nf6 4. g3 Bg4 5. Bg2 e6 6. O-O Nbd7 7. b3 Bd6 8. Nbd2
e5 9. Qe1 e4 10. Ng5 h6 11. Nh3 g5 12. f3 exf3 13. Nxf3 Bxh3 14. Bxh3 g4 0-1

[Event "AUTO-MASTER-3014"]
[Site "http://www.queenalice.com/game.php?id=1637083"]
[Date "2020.12.20"]
[Round "1"]
[White "LOMBARDY"]
[Black "davi_sales"]
[Result "0-1"]
[WhiteElo "2269"]
[BlackElo "2085"]

1. c4 e5 2. Nc3 Nf6 3. d3 g6 4. g3 Bg7 5. Bg2 O-O 6. Nf3 Re8 7. Nd2 c6 8. a3 a5
9. b3 d5 10. cxd5 cxd5 11. Bb2 Nc6 12. O-O Be6 13. e4 d4 14. Ne2 b5 15. f4 Ng4
16. Qc1 Rc8 17. Qb1 Ne3 18. Rf2 f6 19. Bc1 Nd1 20. Rf1 Nc3 21. Nxc3 dxc3 22. Nf3
Qb6+ 23. Kh1 b4 24. a4 Red8 25. Qc2 Nd4 26. Nxd4 Qxd4 27. Rf3 Bg4 28. Qf2 Bxf3
0-1

[Event "AUTO-MASTER-3014"]
[Site "http://www.queenalice.com/game.php?id=1637084"]
[Date "2020.12.20"]
[Round "1"]
[White "davi_sales"]
[Black "LOMBARDY"]
[Result "1/2-1/2"]
[WhiteElo "2106"]
[BlackElo "2253"]

1. d4 Nf6 2. c4 g6 3. Nf3 Bg7 4. g3 O-O 5. Bg2 d5 6. cxd5 Nxd5 7. O-O c6 8. h3
Nd7 9. e4 N5b6 10. Nc3 e5 11. Bg5 f6 12. Be3 Kh8 13. Qe2 Qe7 14. Rad1 h6 15. Nh4
Kh7 16. f4 exf4 17. Bxf4 Re8 18. g4 Nf8 19. Bg3 Be6 20. b3 Rad8 21. Qc2 Bf7 22.
d5 cxd5 23. Nxd5 Nxd5 24. exd5 Qe3+ 25. Bf2 Qe5 26. Rfe1 Qd6 27. Rxe8 Rxe8 28.
Bc5 Qg3 29. Qf2 Qxf2+ 30. Kxf2 b6 31. Bxf8 Bxf8 32. d6 Rd8 33. d7 Bc5+ 34. Ke2
Be6 35. Bd5 Bxd5 36. Rxd5 Kg7 37. Kf3 Kf7 38. Rd2 a5 39. Ke4 Ba3 40. Rd5 Bc5 41.
Rd2 Bb4 42. Rd3 Be1 43. Ng2 Bb4 44. Nf4 1/2-1/2

[Event "AUTO-MASTER-3014"]
[Site "http://www.queenalice.com/game.php?id=1637101"]
[Date "2020.12.20"]
[Round "1"]
[White "davi_sales"]
[Black "albertopontello"]
[Result "0-1"]
[WhiteElo "2090"]
[BlackElo "2015"]

1. a4 e5 2. Nf3 Nc6 3. d4 e4 4. d5 exf3 5. dxc6 fxe2 6. cxd7+ Bxd7 7. Bxe2 Nf6
8. O-O Bd6 9. Bg5 h6 10. Bh4 Qe7 11. Nc3 O-O 12. Nd5 Qe5 13. Nxf6+ gxf6 14. Bg3
Qe6 15. Bxd6 cxd6 16. Qd2 f5 17. Bf3 Rab8 18. Bd5 Qf6 19. Ra3 Kh7 20. Rh3 Qg6
21. Qd4 f4 22. Be4 f5 23. Bf3 Rg8 24. Qxf4 b6 25. Rd1 Rbe8 26. Bh5 Qxg2# 0-1

[Event "AUTO-MASTER-3014"]
[Site "http://www.queenalice.com/game.php?id=1637102"]
[Date "2020.12.20"]
[Round "1"]
[White "albertopontello"]
[Black "davi_sales"]
[Result "0-1"]
[WhiteElo "2015"]
[BlackElo "2071"]

1. e4 c5 2. Nf3 Nf6 3. d3 d5 4. e5 Nfd7 5. Nc3 e6 6. Bg5 Qa5 7. Be2 d4 8. Bd2
dxc3 9. Bxc3 Qc7 10. O-O Nc6 11. Qd2 Be7 12. Qf4 Bf6 13. Qg3 Ndxe5 14. Nxe5 Bxe5
15. Bxe5 Qxe5 16. Bf3 Qxg3 17. fxg3 Nd4 18. Be4 f5 19. Bf3 Nxf3+ 20. gxf3 Bd7
21. Rfe1 Kf7 22. Re5 b6 23. c4 Bc6 24. Kf2 Rad8 25. Rd1 Rd6 26. b3 Rhd8 27. Ke2
Kf6 28. f4 Be4 29. Re1 Rxd3 30. g4 g5 31. gxf5 exf5 32. Rxe4 fxe4 33. fxg5+ Kxg5
34. Rg1+ Kf4 35. Rf1+ Ke5 36. h4 Rd2+ 37. Ke1 Rd1+ 38. Ke2 Rxf1 39. Kxf1 Rd2 40.
a4 Kf4 41. a5 Kf3 0-1

[Event "AUTO-MASTER-3011"]
[Site "http://www.queenalice.com/game.php?id=1648103"]
[Date "2021.3.29"]
[Round "2"]
[White "JailtonMaster"]
[Black "davi_sales"]
[Result "0-1"]
[WhiteElo "1971"]
[BlackElo "2124"]

1. e4 c5 2. Nf3 Nf6 3. Nc3 d5 4. exd5 Nxd5 5. Nxd5 Qxd5 6. d3 g6 7. Be2 Bg7 8.
O-O Nc6 9. c3 O-O 10. Qc2 Bf5 11. Re1 c4 12. Rd1 Rad8 13. Ne1 Ne5 14. Qa4 cxd3
15. Bf3 Nxf3+ 16. Nxf3 a6 17. Be3 e5 18. c4 Qd7 19. Qxd7 Rxd7 20. Rac1 e4 21.
Nh4 Bxb2 22. Rb1 Bf6 23. Nxf5 gxf5 24. Bh6 Rc8 25. Rb4 Bc3 26. Ra4 Rd4 27. Rb1
d2 28. Rd1 Rdxc4 29. Rxc4 Rxc4 30. Kf1 Rd4 31. Ke2 Ra4 32. Bxd2 Rxa2 0-1

[Event "AUTO-MASTER-3011"]
[Site "http://www.queenalice.com/game.php?id=1648104"]
[Date "2021.3.29"]
[Round "2"]
[White "davi_sales"]
[Black "JailtonMaster"]
[Result "1-0"]
[WhiteElo "2127"]
[BlackElo "1932"]

1. d4 d5 2. c4 c6 3. Nf3 Nf6 4. e3 e6 5. Nbd2 Nbd7 6. Bd3 Be7 7. b3 O-O 8. O-O
b6 9. Bb2 Bb7 10. Qe2 Rc8 11. Rfd1 Re8 12. e4 dxe4 13. Nxe4 Qc7 14. Ne5 Nxe5 15.
dxe5 Nxe4 16. Qxe4 g6 17. Bc2 c5 18. Qg4 Red8 19. h4 Rxd1+ 20. Rxd1 Rd8 21. h5
Kg7 22. Bc3 Rxd1+ 23. Qxd1 Qc6 24. Qg4 a6 25. f4 1-0

[Event "AUTO-MASTER-3011"]
[Site "http://www.queenalice.com/game.php?id=1648107"]
[Date "2021.3.29"]
[Round "2"]
[White "cerenzo72"]
[Black "davi_sales"]
[Result "0-1"]
[WhiteElo "2117"]
[BlackElo "2180"]

1. e4 c5 2. Nf3 Nf6 3. e5 Nd5 4. c4 Nb4 5. a3 N4c6 6. Nc3 d6 7. exd6 e5 8. Be2
Bxd6 9. Nb5 e4 10. Ng5 Bf5 11. d3 exd3 12. Bxd3 Bxd3 13. Qxd3 Qe7+ 14. Kd1 Be5
15. f4 Na6 16. fxe5 Nxe5 17. Qd6 Rd8 18. Ne4 Rxd6+ 19. Nbxd6+ Kd8 20. Re1 Kc7
21. Bf4 Rd8 22. Kc2 Kb6 23. Bxe5 Qxe5 24. Nxf7 Qe7 25. Nxd8 Qxd8 26. Rad1 Qh4
27. h3 Nb8 28. b4 cxb4 29. axb4 Nc6 30. Kb3 a5 31. bxa5+ Nxa5+ 32. Kb4 Nc6+ 33.
Ka4 Nd4 34. Re3 Qd8 35. c5+ Ka6 36. Ka3 Nb5+ 37. Kb4 Qxd1 38. Kc4 Qd4+ 0-1

[Event "AUTO-MASTER-3011"]
[Site "http://www.queenalice.com/game.php?id=1648108"]
[Date "2021.3.29"]
[Round "2"]
[White "davi_sales"]
[Black "cerenzo72"]
[Result "1-0"]
[WhiteElo "2149"]
[BlackElo "2095"]

1. d4 Nf6 2. c4 d6 3. Nf3 g6 4. g3 Bg7 5. Bg2 O-O 6. O-O c6 7. Nc3 Nbd7 8. Qc2
Qc7 9. Rd1 e5 10. b3 Re8 11. dxe5 dxe5 12. Ba3 Nb6 13. Bd6 Qd7 14. Bxe5 Qe6 15.
Bd4 Bd7 16. a4 Rad8 17. a5 Nc8 18. Rd2 Qe7 19. Rad1 Bf5 20. Qc1 Qb4 21. Qb2 Qxa5
22. b4 Qc7 23. e4 Nxe4 24. Nxe4 Bxd4 25. Nxd4 Bxe4 26. Bxe4 Rxe4 27. Nf5 1-0

[Event "AUTO-MASTER-3011"]
[Site "http://www.queenalice.com/game.php?id=1648111"]
[Date "2021.3.29"]
[Round "2"]
[White "davi_sales"]
[Black "ignacius"]
[Result "1-0"]
[WhiteElo "2159"]
[BlackElo "2119"]

1. d4 d5 2. c4 c6 3. Nf3 g6 4. Nc3 Bg7 5. Qb3 e6 6. Bf4 Nd7 7. e3 Ngf6 8. Be2
O-O 9. O-O Nh5 10. Bd6 Re8 11. Ne5 Nhf6 12. c5 Nxe5 13. dxe5 Nd7 14. f4 Bf8 15.
Qa3 Bxd6 16. exd6 Nf6 17. Qa4 Nd7 18. b4 e5 19. Rae1 d4 20. exd4 exf4 21. Bc4
Rxe1 22. Rxe1 b5 23. Bxf7+ Kxf7 24. Qb3+ Kg7 25. Re7+ Kh6 26. Qf7 1-0

[Event "AUTO-MASTER-3011"]
[Site "http://www.queenalice.com/game.php?id=1648112"]
[Date "2021.3.29"]
[Round "2"]
[White "ignacius"]
[Black "davi_sales"]
[Result "0-1"]
[WhiteElo "2096"]
[BlackElo "2170"]

1. d4 Nf6 2. c4 c6 3. e3 d5 4. Nf3 Bf5 5. Be2 e6 6. a3 Bd6 7. Nc3 Nbd7 8. c5 Bc7
9. Nh4 Bg6 10. Nxg6 hxg6 11. g3 e5 12. b4 Qe7 13. b5 exd4 14. exd4 Kf8 15. O-O
Re8 16. bxc6 bxc6 17. Bf3 Ne4 18. Qc2 Qf6 19. Nxe4 Qxf3 20. Ng5 Qh5 21. h4 Qg4
22. Kh2 Bxg3+ 23. fxg3 Re2+ 24. Rf2 Rxc2 25. Rxc2 f6 26. Nh3 g5 27. Nf2 Qxd4 28.
Raa2 gxh4 29. gxh4 Rxh4+ 30. Kg2 Nxc5 31. Bb2 Qf4 32. Bc1 Rh2+ 33. Kg1 Qg3+ 34.
Kf1 Qg2+ 35. Ke1 Qg1+ 0-1

[Event "AUTO-MASTER-3014"]
[Site "http://www.queenalice.com/game.php?id=1649110"]
[Date "2021.4.9"]
[Round "2"]
[White "Vedovanera"]
[Black "davi_sales"]
[Result "1-0"]
[WhiteElo "2009"]
[BlackElo "2172"]

1. e4 c5 2. Nf3 Nf6 3. e5 Nd5 4. Nc3 e6 5. Nxd5 exd5 6. c3 d6 7. Bb5+ Bd7 8.
Bxd7+ Nxd7 9. d4 dxe5 10. dxe5 Nb6 11. a4 a5 12. O-O Be7 13. Ra3 1-0

[Event "AUTO-MASTER-3014"]
[Site "http://www.queenalice.com/game.php?id=1649111"]
[Date "2021.4.9"]
[Round "2"]
[White "davi_sales"]
[Black "Vedovanera"]
[Result "0-1"]
[WhiteElo "2186"]
[BlackElo "2108"]

1. d4 Nf6 2. c4 e6 3. Nc3 Bb4 4. Qc2 O-O 5. a3 Bxc3+ 6. Qxc3 d5 7. f3 c5 8. Bg5
cxd4 9. Qxd4 Nc6 10. Qh4 Qa5+ 11. Bd2 Qb6 12. cxd5 Nd4 0-1

[Event "AUTO-MASTER-3014"]
[Site "http://www.queenalice.com/game.php?id=1649116"]
[Date "2021.4.9"]
[Round "2"]
[White "davi_sales"]
[Black "LOMBARDY"]
[Result "1-0"]
[WhiteElo "2133"]
[BlackElo "2254"]

1. d4 Nf6 2. c4 g6 3. Nf3 Bg7 4. g3 O-O 5. Bg2 c6 6. O-O d5 7. b3 Re8 8. Nbd2
Nbd7 9. Bb2 e5 10. Nxe5 Nxe5 11. dxe5 Ng4 12. cxd5 cxd5 13. Nf3 Nxe5 14. Bxe5
Bxe5 15. Nxe5 Rxe5 16. f4 Re8 17. Bxd5 Qb6+ 18. Rf2 Bg4 19. Bc4 Rad8 20. Qe1 Qd4
21. Rc1 Re3 22. Bd3 Bf3 23. Qc3 Bxe2 24. Qxd4 Rxd4 25. Bxe2 1-0

[Event "AUTO-MASTER-3014"]
[Site "http://www.queenalice.com/game.php?id=1649117"]
[Date "2021.4.9"]
[Round "2"]
[White "LOMBARDY"]
[Black "davi_sales"]
[Result "1/2-1/2"]
[WhiteElo "2245"]
[BlackElo "2184"]

1. e4 c5 2. Nf3 Nf6 3. Nc3 d5 4. exd5 Nxd5 5. Be2 Nc6 6. d4 cxd4 7. Nxd5 Qxd5 8.
O-O e5 9. c3 Bc5 10. cxd4 exd4 11. h3 O-O 12. a3 a6 13. b4 Bb6 14. Bb2 Bf5 15.
Bd3 Rad8 16. Rc1 Bxd3 17. Qxd3 f6 18. Rfe1 Ne5 19. Nxe5 fxe5 20. f3 Rfe8 21. Re4
Kh8 22. Rce1 Rc8 23. Kh1 a5 24. f4 axb4 25. axb4 Qc4 26. Qd2 Qc2 27. Qxc2 Rxc2
28. Bxd4 Bxd4 29. Rxd4 Rc1 30. Re4 Rxe1+ 31. Rxe1 e4 32. g3 e3 33. Kg2 Re4 34.
b5 h6 35. Kf3 Rb4 36. Rxe3 Rxb5 37. h4 h5 38. g4 hxg4+ 39. Kxg4 Kh7 40. Re6 Kg8
41. f5 Kf7 42. Kg5 Rb1 43. Rd6 Ke7 44. Re6+ Kf7 45. Rd6 Ke7 1/2-1/2